Tell me your dreams. (Record no. 1348112)

MARC details
000 -LEADER
fixed length control field 00450nam a2200181Ia 4500
008 - FIXED-LENGTH DATA ELEMENTS--GENERAL INFORMATION
fixed length control field 151202s9999||||xx |||||||||||||| ||und||
082 ## - DEWEY DECIMAL CLASSIFICATION NUMBER
Item number PNVM-83285
100 ## - MAIN ENTRY--PERSONAL NAME
Personal name SHELDON SIDNEY.
245 ## - TITLE STATEMENT
Title Tell me your dreams.
260 ## - PUBLICATION, DISTRIBUTION, ETC. (IMPRINT)
Name of publisher, distributor, etc HARPER COLLINS PUBLISHER.
260 ## - PUBLICATION, DISTRIBUTION, ETC. (IMPRINT)
Date of publication, distribution, etc 2005
300 ## - PHYSICAL DESCRIPTION
Extent 341
600 ## - SUBJECT ADDED ENTRY--PERSONAL NAME
Personal name SHELDON SIDNEY.
630 ## - SUBJECT ADDED ENTRY--UNIFORM TITLE
Uniform title Tell me your dreams.
700 ## - ADDED ENTRY--PERSONAL NAME
Personal name SHELDON SIDNEY.
730 ## - ADDED ENTRY--UNIFORM TITLE
Uniform title Tell me your dreams.
942 ## - ADDED ENTRY ELEMENTS (KOHA)
Koha item type Book
Holdings
Withdrawn status Lost status Damaged status Not for loan Home library Current library Date acquired Cost, normal purchase price Total Checkouts Full call number Barcode Date last seen Cost, replacement price Price effective from Koha item type
        Pune Nagar Vachan Mandir, Pune Pune Nagar Vachan Mandir, Pune 08/06/2015 195.00   PNVM-83285 PNVM-83285 12/02/2015 195.00 12/02/2015 Book